| 000 | 00374nam a2200145Ia 4500 | ||
|---|---|---|---|
| 008 | 240830s1983 xx 000 0 und d | ||
| 041 | _aeng | ||
| 082 | _a0 YAD | ||
| 100 | _aYADAVGI TRIKAMGI | ||
| 245 | _aDRAVYAGUNA VIDNYAM PART - 1 | ||
| 260 |
_bSHRI.BAIDYANATH AYURVED BHAVAN, NAGPUR _c1983 |
||
| 650 | _aDRAVYAGUNA-VIGYAN | ||
| 906 | _aN.D. | ||
| 999 |
_c1191499 _d1191499 |
||